00242nam a2200109Ia 4500100001900000654001200019245003600031260002700067082001800094300000800112546001200120 aGuillemin/E.A  acircuit aMathematics of circuit analysis bOxfordaCalcuttac1967 a621.3192bGUI a590 aENGLISH